Las Mancomunidades
Descripción Física:
80 p. ; 22 cm
Materias:
Mancomunitats
MARC
| LEADER | 00000nam a2200000Ia 4500 | ||
|---|---|---|---|
| 001 | 9268 | ||
| 003 | BGR | ||
| 005 | 20260324175343.0 | ||
| 008 | 160829s1912 xx 000 0 cat d | ||
| 080 | |a M-3-367 | ||
| 245 | |a Las Mancomunidades | ||
| 260 | |a Barcelona : |b Lliga Regionalista de Barcelona, |c 1912 | ||
| 300 | |a 80 p. ; |c 22 cm | ||
| 650 | |a Mancomunitats |9 28736 | ||
| 710 | 1 | |a Lliga Regionalista |9 71364 | |
| 901 | |a Arxiu | ||
| 942 | |n 1 |2 udc |c MON | ||
| 952 | |0 0 |1 0 |4 0 |6 M3367 |7 1 |9 44924 |a Arxiu |b Arxiu |d 2016-12-01 |l 0 |o M-3-367 |p 9268 |r 2016-12-01 00:00:00 |w 2016-12-01 |y ARXIU | ||
| 999 | |c 47523 |d 47523 | ||